Z diskusie na zasadaní Východoslovenského KV KSS dňa 28. júna 1985

Bibliographic Details
Format: Article
Language:Slovak
Subjects:

MARC

LEADER 00000nab a2200000 a 4500
001 vtls000219795
003 SK-MaSNL
005 20260305042445.0
008 111130c1985 xo 0 slo
015 |a SNBRB19rr/mm-uuuuu 
035 |a CL0229909 
040 |a SNKBUCL  |b slo  |c SNKBUCL  |e AACR2 
041 0 |a slo 
044 |a xo  |c SK 
080 |a 329.15(437.6)  |2 1981 
245 0 0 |a Z diskusie na zasadaní Východoslovenského KV KSS dňa 28. júna 1985 
610 2 7 |a Komunistická strana Slovenska  |2 snkbucl  |9 30182 
651 7 |a 5403  |2 snkbucl  |9 893808 
651 7 |a Východoslovenský kraj (Slovensko)  |2 snkbucl  |9 161537 
655 7 |a články z novín a časopisov  |2 snkbucl  |9 267496 
773 0 |t Východoslovenské noviny  |g Roč. 34, č. 155 (4. 7. 1985), s. 3 
850 |a Slovenská národná knižnica v Martine  |a MTA001 
852 |a SNK  |b KIS3GCP 
958 |a RK 
992 |a RBX 
999 |c 3349257  |d 3351187